| 000 | 00652nam0a22002291 4500 | ||
|---|---|---|---|
| 001 | rc\1033509 | ||
| 005 | 20250622084656.0 | ||
| 035 | _a(NLR Aleph) 006196821 | ||
| 090 |
_a6224849 _c6224849 |
||
| 100 | _a20041129d1981 |||y0rusy50 ca | ||
| 101 | 0 | _arus | |
| 102 | _aRU | ||
| 105 | _ay ||||||||| | ||
| 200 | 1 | _aАнтикоммунизм на службе реакции и войны | |
| 210 |
_aМ. _cВоениздат _d1981 |
||
| 215 |
_a204 с. _d20 |
||
| 700 | 1 |
_aХватков _bГ.Н. _gГеннадий Николаевич |
|
| 801 | 0 |
_aRU _bNLR _gpsbo |
|
| 801 | 1 |
_aRU _bELAR _2rusmarc |
|
| 852 |
_aNLR _j81-3/10380 |
||
| 942 | _cBOOK | ||
| 980 | _aNB | ||